Southville International School and Colleges
Your cart is empty.
  • Cart
  • Lists
    Public lists Eva Luna New books Lux_list list_1
    Your lists Log in to create your own lists
  • Log in to your account
  • Your cookies
  • Search history
Southville International School and Colleges
  • Advanced search
  • Recent comments
  • Most popular
  • Libraries

Log in to your account

Log in with GOOGLE


If you do not have an external account, but do have a local account, you can still log in:

  1. Home
  2. MARC view: The Legend of Slappy Hooper /
Normal view MARC view ISBD view

The Legend of Slappy Hooper / (Record no. 11881)

[ view plain ]
MARC details
000 -LEADER
fixed length control field 00575nam a22001937a 4500
003 - CONTROL NUMBER IDENTIFIER
control field PILC
005 - DATE AND TIME OF LATEST TRANSACTION
control field 20151021093801.0
008 - FIXED-LENGTH DATA ELEMENTS--GENERAL INFORMATION
fixed length control field 130921t xxu||||| |||| 00| 0 eng d
020 ## - INTERNATIONAL STANDARD BOOK NUMBER
International Standard Book Number 9780684195353
050 ## - LIBRARY OF CONGRESS CALL NUMBER
Classification number PZ 8.1
Item number .Sl53945Le 1993
082 ## - DEWEY DECIMAL CLASSIFICATION NUMBER
Classification number GS 398.21
Item number Sh47 1993
245 ## - TITLE STATEMENT
Title The Legend of Slappy Hooper /
Statement of responsibility, etc retold by Aaron Shepard, pictures by Toni Geoffe
260 ## - PUBLICATION, DISTRIBUTION, ETC. (IMPRINT)
Place of publication, distribution, etc New York :
Name of publisher, distributor, etc Charles Scribner's Sons,
Date of publication, distribution, etc c1993.
300 ## - PHYSICAL DESCRIPTION
Extent 28 p. :
Other physical details ill, ;
Dimensions 26 cm.
562 ## - COPY AND VERSION IDENTIFICATION NOTE
Number of copies 1
650 ## - SUBJECT ADDED ENTRY--TOPICAL TERM
Topical term or geographic name as entry element Folklore
General subdivision United States.
9 (RLIN) 21252
942 ## - ADDED ENTRY ELEMENTS (KOHA)
Source of classification or shelving scheme Library of Congress Classification
Koha item type Books
Holdings
Withdrawn status Lost status Source of classification or shelving scheme Damaged status Home library Current library Shelving location Date acquired Total Checkouts Full call number Barcode Date last seen Date checked out Copy number Price effective from Koha item type
    Library of Congress Classification   Luxembourg Library Luxembourg Library Grade School Section 09/21/2013 1 PZ 8.1 .Sl53945Le 1993 3794 04/04/2017 08/04/2015 1 09/21/2013 Books

The Legend of Slappy Hooper /

APA

(1993). The Legend of Slappy Hooper. New York: Charles Scribner's Sons.

Chicago

1993. The Legend of Slappy Hooper. New York: Charles Scribner's Sons.

Harvard

(1993). The Legend of Slappy Hooper. New York: Charles Scribner's Sons.

MLA

The Legend of Slappy Hooper. New York: Charles Scribner's Sons. 1993.

  • Place hold
  • Print
  • Cite
  • Add to your cart (remove)
  • Save record
    BIBTEX Dublin Core MARCXML MARC (non-Unicode/MARC-8) MARC (Unicode/UTF-8) MARC (Unicode/UTF-8, Standard) MODS (XML) RIS
  • More searches
    Search for this title in:
    Other Libraries (WorldCat) Other Databases (Google Scholar) Online Stores (Bookfinder.com) Open Library (openlibrary.org)

Exporting to Dublin Core...

SOUTHVILLE LIBRARY

Southville International School and Colleges Library

1281 Tropical Ave. Cor. Luxembourg St., BF Homes International, Las Pinas City

Tel. No. 8256374 / 252358 Loc. 117/146

Powered by Koha